Jimi Hendrix Discography - Statistics

General Stats
  • This quiz has been taken 93 times
    51 since last reset
  • The average score is 17 of 141
Answer Stats
Type Year Name % Correct
Album 1968 Electric Ladyland
84%
Documentary 1997 Jimi Hendrix: Electric Ladyland - Classic Albums
84%
Album 1967 Are You Experienced
77%
Album 1967 Axis: Bold as Love
70%
Documentary 1970 Woodstock
48%
Live Album 1994 Woodstock
48%
Collaborative Live Album 1970 Woodstock: Music from the Original Soundtrack and More
48%
Live Album 1970 Band of Gypsys
43%
Documentary 1973 Jimi Hendrix
36%
Documentary 1989 Jimi Hendrix
36%
Special Release 1997 Jimi Hendrix
36%
Film 1971 Rainbow Bridge
32%
Posthumous Album 1971 Rainbow Bridge
32%
Compilation 1997 Experience Hendrix: The Best of Jimi Hendrix
27%
Compilation 1968 Smash Hits
27%
Collaborative Live Album 1971 The First Great Rock Festivals of the Seventies: Isle of Wight/Atlanta Pop Festival
27%
Documentary 1968 Experience
23%
Live Album 1971 Experience
23%
Live Album 1971 Isle of Wight
23%
Live Album 2020 Live in Muai
23%
Documentary 2020 Music, Money, Madness ... Jimi Hendrix in Maui
23%
Posthumous Album 1971 The Cry of Love
23%
Compilation 2000 The Jimi Hendrix Experience
23%
Compilation EP 2000 The Jimi Hendrix Experience
23%
Compilation EP 2000 The Jimi Hendrix Experience
23%
Posthumous Album 1997 First Rays of the New Rising Sun
20%
Live Album 2015 Freedom: Atlanta Pop Festival
20%
Live Album 1999 Live at Woodstock
20%
Special Live Release 1999 Live at Woodstock
20%
Concert Film 2005 Live at Woodstock
20%
Collaborative Video Album 1968 Monterey Pop
20%
Posthumous Album 1997 South Saturn Delta
20%
Compilation EP 1982 All Along the Watchtower
18%
Compilation 1994 Blues
18%
Live Album 1972 Hendrix in the West
18%
Special Release 1989 Purple Haze
18%
Compilation 2001 Voodoo Child: The Jimi Hendrix Collection
18%
Compilation EP 2002 Voodoo Child: The Jimi Hendrix Collection
18%
Live Album 2002 Blue Wild Angel: Live at the Isle of Wight
16%
Posthumous Album 2018 Both Sides of the Sky
16%
Compilation 1990 Cornerstones: 1967-1970
16%
Documentary 2010 Jimi Hendrix: Voodoo Child
16%
Live Album 2019 Songs for Groovy Children: The Fillmore East Concerts
16%
Live Compilation 1998 BBC Sessions
14%
Compilation EP 1998 BBC Sessions
14%
Live Album 2007 Live at Monterey
14%
Concert Film 2007 Live at Monterey
14%
Posthumous Album 2013 People, Hell and Angels
14%
Posthumous Album 1995 Voodoo Soup
14%
Live Box Set 2011 Winterland
14%
Posthumous Album 1975 Crash Landing
11%
Special Relase 1999 Machine Gun
11%
Live Album 2016 Machine Gun: The Fillmore East First Show
11%
Posthumous Album 1975 Midnight Lightning
11%
Compilation 1981 Stone Free
11%
Posthumous Album 2010 Valleys of Neptune
11%
Compilation EP 1982 Voodoo Chile
11%
Compilation 2010 Fire: The Jimi Hendrix Collection
9%
Concert Film 1971 Jimi Plays Berkeley
9%
Live Compilation 1975 Jimi Plays Berkeley
9%
Special Release 1991 Jimi Plays Berkeley
9%
Live Album 1986 Jimi Plays Monterey
9%
Concert Film 1987 Jimi Plays Monterey
9%
Live Album 2022* Los Angeles Forum: April 26, 1969
9%
Live Album 1988 Radio One
9%
Live Album 1982 The Jimi Hendrix Concerts
9%
Compilation 1992 The Ultimate Experience
9%
Concert Film 2002 Blue Angel: Live at the Isle of Wight
7%
Live Album 1999 Live at the Fillmore East
7%
Live EP 1999 Live at the Fillmore East
7%
Live Album 1987 Live at Winterland
7%
Live Album 2013 Miami Pop Festival
7%
Live Box Set 1991 Stages
7%
Special Release 1995 Stepping Stone
7%
Posthumous Album 1972 War Heroes
7%
Live Album 1986 Band of Gypsys 2
5%
Documentary 2013 Hear My Train a Comin'
5%
Box Set 1990 Lifelines: The Jimi Hendrix Story
5%
Live Album 2003 Live at Berkeley
5%
Live Album 1991 Live Isle of Wight '70
5%
Collaborative Video Album 1997 Message to Love
5%
Live Album 1996 Message to Love: The Isle of Wight Festival 1970
5%
Compilation 1983 The Singles Album
5%
Compilation EP 1992 The Wind Cries Mary
5%
Box Set 2010 West Coast Seattle Boy: The Jimi Hendrix Anthology
5%
Compilation EP 1980 6 Singles Pack
2%
Special Holiday Release 1974 ...And a Happy New Year
2%
Compilation EP 1990 Between the Lines
2%
Special Release 1988 Day Tripper
2%
Compilation 1968 Electric Jimi Hendrix
2%
Special Release 1999 Get DMXperienced
2%
Special Release 1978 Gloria
2%
Live Bootleg 2004 Hear My Music
2%
Collaborative Live Album 1970 Historic Performances Recorded at the Monterey International Pop Festival
2%
Live EP 2006 Jimi Hendrix: 10 Tracks Performed Live at the Royal Albert Hall
2%
Concert Film 1985 Johnny B. Goode
2%
Live Album 1986 Johnny B. Goode
2%
Compilation 1984 Kiss the Sky
2%
Special Relase 1992 Live at Winterland +3
2%
Box Set 1989 Live & Unreleased: The Radio Show
2%
Posthumous Album 1974 Loose Ends
2%
Soundtrack 2003 Martin Scorsese Presents the Blues: Jimi Hendrix
2%
Live Album 1972 More Experience
2%
Posthumous Album 1980 Nine to the Universe
2%
Live Bootleg 2003 Paris 1967/San Francisco 1968
2%
Compilation EP 1989 Radio Radio
2%
Compilation 1975 Re-Experienced
2%
Live EP 2011 San Francisco 1968
2%
Soundtrack 1973 Soundtrack Recordings from the Film Jimi Hendrix
2%
Compilation EP 1991 Stages '67-'70 Sampler
2%
Compilation 1978 The Essential Jimi Hendrix
2%
Double Package 1989 The Essential Jimi Hendrix Volumes One and Two
2%
Compilation 1979 The Essential Jimi Hendrix Volume Two
2%
Compilation 1993 The Experience Collection
2%
Compilation EP 1988 The Peel Sessions
2%
Compilation 2003 The Singles Collection
2%
Collaborative Live Album 1971 Woodstock 2
2%
Documentary 2008 At Last... The Beginning: The Making of Electric Ladyland
0%
Live Bootleg 2006 Burning Desire
0%
Documentary 2001 Experience Jimi Hendrix
0%
Documentary 1999 Hendrix: Band of Gypsys Live at the Fillmore East
0%
Documentary 2006 Hendrix & the Blues
0%
Concert Film 1992 Jimi Hendrix: At the Atlanta Pop Festival
0%
Concert Film 1990 Jimi Hendrix: At the Isle of Wight
0%
Concert Film 1999 Jimi Hendrix at Woodstock
0%
Concert Film 2015 Jimi Hendrix: Electric Church
0%
Documentary 2002 Jimi Hendrix: The Dick Cavett Show
0%
Documentary 1999 Jimi Hendrix: The Man They Made God
0%
Live Bootleg 1999 Live at Clark University
0%
Live Bootleg 2005 Live at the Isle of Fehmarn
0%
Live Bootleg 1998 Live at the Oakland Coliseum
0%
Live Bootleg 2009 Live at Woburn
0%
Live Bootleg 2012 Live in Cologne
0%
Live Bootleg 2001 Live in Ottowa
0%
Live Bootleg 2008 Live in Paris & Ottowa 1968
0%
Special Holiday Release 1999 Merry Chrismas and Happy New Year
0%
Live Bootleg 2000 Morning Symphony Ideas
0%
Collaborative Video Album 1988 Rock and Roll Greatest Years: 1967, Vol. 1
0%
Collaborative Video Album 1989 Superstars in Concert
0%
Live Bootleg 2002 The Baggy's Rehearsal Sessions
0%
Collaborative Video Album 1977 The Day the Music Died
0%
No matching quizzes found
Score Distribution
Percent of People with Each Score
Percentile by Number Answered
Your Score History
You have not taken this quiz since the last reset